000 00649nam a2200229Ia 4500
003 OSt
005 20220926011856.0
006 a|||||r|||| 00| 0
007 ta
008 220923b |||||||| |||| 00| 0 eng d
037 _cGeneral Book
040 _aRTL
_cRTL
_beng
041 _2eng
_aeng
082 _aX:8:(S:5), K9
100 _aFord Robert N
_9127724
245 0 _aMotivation through the work itself
260 _aNew York
_bAmerican Management Asseciation
_c1969
300 _a265p.
_ccm.
650 _aMotivation Managemant
_9264263
942 _hX:8:(S:5), K9
_cGB
_2CC
999 _c621225
_d621225